000 00911nam a22002297a 4500
999 _c5323
_d5323
003 AR-CdUCM
008 190312b ||||| |||| 00| 0 spa d
040 _aMUNICIPALIDAD PROVINCIAL DEL CUSCO
_cBIBLIOTECA MUNICIPAL DEL CUSCO
082 _211ed.
_a937.007 /
_bSE33
100 _aSecco Ellauri, Oscar
_916085
245 _aRoma /
260 _aBuenos Aires :
_bKapelusz,
_c1972.
300 _a215 páginas ;
_bilustraciones, mapas,
_c19 cm.
440 _aHistória universal.
_916086
505 _aContenido: Italia primitiva y orígenes de Roma -- La sociedad y la familia en la Roma Patricia -- La república Patricia y el progreso de la plebe -- La conquista y unificación de Italia -- La Italia Romana ...
650 _aRoma
_92474
650 _aHistoria Universal
_91423
650 _aTextos escolares
_94527
700 _aBaridon, Pedro Daniel (coautor)
_916087
942 _2ddc
_cLIBROS
945 _aachl